|
|
|
|
| LEADER |
00000nam0a2200000 4500 |
| 001 |
275605 |
| 005 |
20231101234836.0 |
| 010 |
|
|
|b 2000 экз.
|
| 035 |
|
|
|a (RuTPU)RU\TPU\book\298848
|
| 090 |
|
|
|a 275605
|
| 100 |
|
|
|a 20141114d1934 k y0rusy50 ca
|
| 101 |
0 |
|
|a rus
|
| 102 |
|
|
|a RU
|
| 105 |
|
|
|a af j 001zy
|
| 200 |
1 |
|
|a Экспертиза рудных месторождений
|f Н. И. Трушков
|h Ч. 1 : Опробование и подсчет запасов
|
| 210 |
|
|
|a Ленинград
|a Москва
|a Новосибирск
|c ОНТИ НКТП
|c Горгеонефтеиздат
|d 1934
|
| 215 |
|
|
|a 216 с.
|c ил.
|
| 320 |
|
|
|a Библиогр. в конце гл.
|
| 606 |
1 |
|
|a Рудные месторождения
|x Опробование
|x Гамма-метод
|2 stltpush
|3 (RuTPU)RU\TPU\subj\25952
|9 49983
|
| 610 |
1 |
|
|a классификация
|
| 610 |
1 |
|
|a промышленная оценка
|
| 610 |
1 |
|
|a разведочные работы
|
| 610 |
1 |
|
|a методы подсчета
|
| 610 |
1 |
|
|a труды учёных ТПУ
|
| 610 |
1 |
|
|a коллекция ТПУ
|
| 675 |
|
|
|a 553.3/.4:550.8
|v 3
|
| 700 |
|
1 |
|a Трушков
|b Н. И.
|c российский геолог
|c профессор ТТИ по кафедре горного искусства
|f 1876-1947
|g Николай Ильич
|2 stltpush
|3 (RuTPU)RU\TPU\pers\21919
|9 9255
|
| 801 |
|
1 |
|a RU
|b 63413507
|c 20141114
|
| 801 |
|
2 |
|a RU
|b 63413507
|c 20201216
|g RCR
|
| 942 |
|
|
|c BK
|